| 000 | 00688cab a2200205 4500 | ||
|---|---|---|---|
| 001 | WB2801-54 | ||
| 008 | 090401t xxu||||| |||| 00| 0 eng d | ||
| 035 | _a(Sirsi) u52331 | ||
| 041 | _aeng | ||
| 245 | _aEnterprise zone capital allowances | ||
| 350 | _a0 | ||
| 490 |
_aInland Revenue Press Release _v16 December (5) |
||
| 520 | _aThe 1992 Finance Bill is to include amendments to capital allowances legislation where it applies to expenditure on buildings and structures constructed in enterprise zones. | ||
| 650 | _aENTERPRISE ZONE PROPERTY TRUSTS | ||
| 650 | _aEZPTS | ||
| 650 | _aUNUSED BUILDINGS | ||
| 690 | _aPLANNING LAW AND PRACTICE | ||
| 942 | _n0 | ||
| 948 | _c04/03/1997 | ||
| 999 |
_c32449 _d32449 |
||